[Event "Titled Tuesday intern op 03rd Jan Late"]
[Site "Chess.com INT"]
[Date "2023.01.03"]
[Round "10"]
[White "Chen, Justin"]
[Black "Nakamura, Hikaru"]
[Result "0-1"]
[WhiteElo "2333"]
[BlackElo "2768"]
[PlyCount "60"]
[EventDate "2023.01.03"]
[EventType "swiss (blitz)"]
[EventRounds "11"]
[EventCountry "USA"]
[SourceTitle "EXT 2024"]
[Source "ChessBase"]
[SourceDate "2023.10.10"]
[SourceVersion "1"]
[SourceVersionDate "2023.10.10"]
[SourceQuality "1"]

1. d4 g6 2. c4 Bg7 3. Nc3 c5 4. d5 Bxc3+ 5. bxc3 f5 6. e4 fxe4 7. f3 Qa5 8. Qc2 Nf6 9. fxe4 d6 10. Nf3 Bg4 11. Ng5 h6 12. e5 Bf5 13. Bd3 hxg5 14. exf6 exf6 15. Bxf5 gxf5 16. Qe2+ Kd8 17. 0-0 Nd7 18. Rb1 Kc7 19. Rb5 Qa4 20. Rxf5 Rae8 21. Qf1 Re4 22. h3 Rhe8 23. Kh2 Re1 24. Qf3 Rxc1 25. Rxf6 Nxf6 26. Qxf6 Rce1 27. Qf7+ R1e7 28. Qf1 b6 29. Qd3 Qxa2 30. Rb1 Qe2 0-1

[Event "Titled Tuesday intern op 03rd Jan Late"]
[Site "Chess.com INT"]
[Date "2023.01.03"]
[Round "9"]
[White "Mardov, Dimitar"]
[Black "Chen, Justin"]
[Result "0-1"]
[WhiteElo "2435"]
[BlackElo "2333"]
[PlyCount "152"]
[EventDate "2023.01.03"]
[EventType "swiss (blitz)"]
[EventRounds "11"]
[EventCountry "USA"]
[SourceTitle "EXT 2024"]
[Source "ChessBase"]
[SourceDate "2023.10.10"]
[SourceVersion "1"]
[SourceVersionDate "2023.10.10"]
[SourceQuality "1"]

1. d4 d5 2. c4 dxc4 3. e3 Nf6 4. Nf3 e6 5. Bxc4 a6 6. a4 c5 7. Nc3 Nc6 8. 0-0 cxd4 9. exd4 Nb4 10. Bg5 Be7 11. Ne5 0-0 12. Rc1 Bd7 13. Qf3 Bc6 14. Nxc6 Nxc6 15. Rcd1 Qa5 16. Bh4 Rfd8 17. Qf4 Nh5 18. Qg4 Nf6 19. Qf4 Nh5 20. Qg4 Bxh4 21. Qxh4 Nf6 22. Rfe1 Qb4 23. Bd3 Rxd4 24. Ne4 Nxe4 25. Bxe4 f5 26. Qh5 Rxe4 27. Rxe4 Qxe4 28. h3 Ne5 29. Qg5 h6 30. Qe7 Ng6 31. Qc7 Qc6 32. Qg3 Nf8 33. Qe5 Qe8 34. Rd3 Rd8 35. Rg3 Qe7 36. Kh2 Rd5 37. Qc3 Rc5 38. Qd4 Rc7 39. f4 Rd7 40. Qc3 Kh7 41. Re3 Qf7 42. Qc4 Re7 43. Qb4 Ng6 44. Qc4 e5 45. Qc5 exf4 46. Rf3 Re4 47. Qb6 Rxa4 48. Rc3 Re4 49. Rc7 Re7 50. Rc5 Ne5 51. Qd6 f3 52. Rxe5 Rxe5 53. Qxe5 fxg2 54. Kxg2 Qg6+ 55. Kh2 Qf6 56. Qc7 Qxb2+ 57. Kg3 Qb3+ 58. Kh2 Qd5 59. h4 Qe4 60. Qd8 a5 61. Qxa5 Qxh4+ 62. Kg2 Qe4+ 63. Kh2 Qg4 64. Qb5 Qf3 65. Qe8 Qc6 66. Qf7 Qc2+ 67. Kg3 b5 68. Qd7 b4 69. Qd5 b3 70. Kh4 Qe4+ 71. Qxe4 fxe4 72. Kg4 b2 73. Kh4 b1Q 74. Kh5 Qg1 75. Kh4 Qg2 76. Kh5 Qg5# 0-1

[Event "Titled Tuesday intern op 03rd Jan Late"]
[Site "Chess.com INT"]
[Date "2023.01.03"]
[Round "6"]
[White "Passen, Brett"]
[Black "Chen, Justin"]
[Result "0-1"]
[WhiteElo "1921"]
[BlackElo "2333"]
[PlyCount "50"]
[EventDate "2023.01.03"]
[EventType "swiss (blitz)"]
[EventRounds "11"]
[EventCountry "USA"]
[SourceTitle "EXT 2024"]
[Source "ChessBase"]
[SourceDate "2023.10.10"]
[SourceVersion "1"]
[SourceVersionDate "2023.10.10"]
[SourceQuality "1"]

1. c4 e5 2. g3 Nf6 3. Bg2 c6 4. Nf3 e4 5. Nd4 d5 6. d3 exd3 7. Qxd3 Be7 8. 0-0 0-0 9. Nc3 dxc4 10. Qxc4 Nbd7 11. Rd1 Qa5 12. Bf4 Ne5 13. Qb3 Ng6 14. Nxc6 bxc6 15. Bxc6 Be6 16. Nd5 Nxd5 17. Bxd5 Nxf4 18. gxf4 Rab8 19. Qf3 Rxb2 20. Bxe6 fxe6 21. e3 Rd8 22. Qe4 Qf5 23. Rxd8+ Bxd8 24. Qd4 Qg4+ 25. Kf1 Qe2+ 0-1

[Event "Titled Tuesday intern op 25th Oct Early"]
[Site "Chess.com INT"]
[Date "2022.10.25"]
[Round "1"]
[White "Chen, Justin"]
[Black "Stanisz, Patryk"]
[Result "1-0"]
[WhiteElo "2333"]
[BlackElo "2169"]
[PlyCount "63"]
[EventDate "2022.10.25"]
[EventType "swiss (blitz)"]
[EventRounds "11"]
[EventCountry "USA"]
[SourceTitle "EXT 2024"]
[Source "ChessBase"]
[SourceDate "2023.10.10"]
[SourceVersion "1"]
[SourceVersionDate "2023.10.10"]
[SourceQuality "1"]

1. e4 c5 2. Nc3 Nc6 3. g3 g6 4. Bg2 Bg7 5. d3 Rb8 6. f4 b5 7. Nf3 b4 8. Ne2 a5 9. 0-0 a4 10. Rb1 d6 11. Be3 e6 12. g4 Nge7 13. Ng3 Nd4 14. e5 Nec6 15. Ne4 dxe5 16. fxe5 Nxe5 17. Nxe5 Bxe5 18. Bg5 Qc7 19. Nf6+ Kf8 20. h3 h6 21. Be3 Bb7 22. Qd2 Bxg2 23. Bxh6+ Ke7 24. Bg5 Bh2+ 25. Kxg2 Qg3+ 26. Kh1 Kf8 27. Bf4 Qxh3 28. Qxh2 Ke7 29. Bxb8 Qxf1+ 30. Rxf1 Rxh2+ 31. Kxh2 Nxc2 32. Ne4 1-0

[Event "Titled Tuesday intern op 25th Oct Early"]
[Site "Chess.com INT"]
[Date "2022.10.25"]
[Round "2"]
[White "Kovalev, Vladislav"]
[Black "Chen, Justin"]
[Result "1-0"]
[WhiteElo "2623"]
[BlackElo "2333"]
[PlyCount "53"]
[EventDate "2022.10.25"]
[EventType "swiss (blitz)"]
[EventRounds "11"]
[EventCountry "USA"]
[SourceTitle "EXT 2024"]
[Source "ChessBase"]
[SourceDate "2023.10.10"]
[SourceVersion "1"]
[SourceVersionDate "2023.10.10"]
[SourceQuality "1"]

1. e4 c6 2. Nf3 d5 3. d3 dxe4 4. dxe4 Qxd1+ 5. Kxd1 Bg4 6. Be2 Nd7 7. Ne1 Bxe2+ 8. Kxe2 e5 9. a4 Ngf6 10. f3 Bd6 11. Nd2 Nc5 12. Nc4 Bc7 13. Be3 Ne6 14. c3 Ke7 15. Nd3 Nd7 16. a5 Rhd8 17. Rhd1 f6 18. b4 a6 19. g3 Rac8 20. Rab1 Bb8 21. Rd2 Ndf8 22. Nb6 Rc7 23. Nc5 Ba7 24. Rbd1 Rxd2+ 25. Rxd2 Bb8 26. Na8 Rc8 27. Nxb7 1-0

[Event "Titled Tuesday intern op 04th Oct Late"]
[Site "Chess.com INT"]
[Date "2022.10.04"]
[Round "2"]
[White "Chen, Justin"]
[Black "Bartel, Mateusz"]
[Result "0-1"]
[WhiteElo "2333"]
[BlackElo "2630"]
[PlyCount "80"]
[EventDate "2022.10.04"]
[EventType "swiss (blitz)"]
[EventRounds "11"]
[EventCountry "USA"]
[SourceTitle "EXT 2023"]
[Source "ChessBase"]
[SourceDate "2022.10.05"]
[SourceVersion "1"]
[SourceVersionDate "2022.10.05"]
[SourceQuality "1"]

1. e4 c5 2. Nf3 e6 3. g3 Nc6 4. Bg2 d6 5. 0-0 e5 6. c3 Nf6 7. d4 Bg4 8. dxe5 dxe5 9. Qe2 Be7 10. Na3 Qc8 11. Bg5 Qe6 12. Nc4 0-0 13. Ne3 Bh5 14. Bxf6 Bxf6 15. Rfd1 Rad8 16. Qc4 Qxc4 17. Nxc4 Be7 18. Ne3 f6 19. g4 Bg6 20. Nh4 Rxd1+ 21. Rxd1 Bf7 22. Nd5 Re8 23. Nf5 Bf8 24. Bf1 a6 25. a4 Rb8 26. h4 h5 27. Be2 hxg4 28. Bxg4 b5 29. axb5 Rxb5 30. Ra1 a5 31. Ra2 g6 32. Be2 Rb8 33. Nfe3 Kg7 34. Bc4 Bd6 35. Kg2 Rh8 36. Kg3 f5 37. exf5 e4+ 38. Kg4 Ne5+ 39. Kh3 Nxc4 40. Nxc4 Bxd5 0-1